[Event "Titled Tuesday intern op 16th Jan Late"]
[Site "Chess.com INT"]
[Date "2024.01.16"]
[Round "1"]
[White "Minina, Veronika"]
[Black "Aghasiyev, Kamal"]
[Result "0-1"]
[WhiteElo "2057"]
[BlackElo "2441"]
[PlyCount "42"]
[EventDate "2024.01.16"]
[EventType "swiss (blitz)"]
[EventRounds "11"]
[EventCountry "USA"]
[SourceTitle "CB04_2024"]
[SourceDate "2023.10.16"]
[SourceVersion "1"]
[SourceVersionDate "2023.10.16"]
[SourceQuality "1"]

1. Nf3 d5 2. g3 Nf6 3. Bg2 e6 4. c4 dxc4 5. Na3 Bxa3 6. bxa3 0-0 7. a4 Nc6 8. Ba3 Re8 9. 0-0 e5 10. Qc2 Be6 11. Ng5 Nd4 12. Qd1 Bd5 13. e4 Bc6 14. Re1 h6 15. Nf3 Bxe4 16. Nxd4 exd4 17. Bxe4 Nxe4 18. Rc1 Qd5 19. Qg4 Nxd2 20. Rxe8+ Rxe8 21. h4 Nf3+ 0-1

[Event "Titled Tuesday intern op 16th Jan Late"]
[Site "Chess.com INT"]
[Date "2024.01.16"]
[Round "5"]
[White "Rangel, Daniel"]
[Black "Aghasiyev, Kamal"]
[Result "0-1"]
[WhiteElo "2176"]
[BlackElo "2441"]
[PlyCount "66"]
[EventDate "2024.01.16"]
[EventType "swiss (blitz)"]
[EventRounds "11"]
[EventCountry "USA"]
[SourceTitle "CB04_2024"]
[SourceDate "2023.10.16"]
[SourceVersion "1"]
[SourceVersionDate "2023.10.16"]
[SourceQuality "1"]

1. c4 e5 2. g3 Nf6 3. Bg2 d5 4. cxd5 Nxd5 5. Nf3 Nc6 6. d4 Bb4+ 7. Bd2 exd4 8. Bxb4 Ndxb4 9. a3 Na6 10. b4 Qd5 11. 0-0 0-0 12. Nc3 Qc4 13. Ne4 Bf5 14. Nfd2 Qb5 15. Rc1 d3 16. exd3 Qxd3 17. Rc3 Qb5 18. Qh5 Nd4 19. Re1 Bxe4 20. Qxb5 Nxb5 21. Nxe4 Nxc3 22. Nxc3 c6 23. b5 Nc5 24. bxc6 Rae8 25. Rxe8 Rxe8 26. cxb7 Re1+ 27. Bf1 Nxb7 28. Nb5 a5 29. Kg2 Ra1 30. h4 g6 31. Kg1 Nd6 32. Kg2 Nxb5 33. Bxb5 Rxa3 0-1

[Event "Titled Tuesday intern op 14th Nov Early"]
[Site "Chess.com INT"]
[Date "2023.11.14"]
[Round "11"]
[White "Mladenovic, Stefan"]
[Black "Aghasiyev, Kamal"]
[Result "0-1"]
[WhiteElo "2359"]
[BlackElo "2441"]
[PlyCount "66"]
[EventDate "2023.11.14"]
[EventType "swiss (blitz)"]
[EventRounds "11"]
[EventCountry "USA"]
[SourceTitle "CB47_2023"]
[SourceDate "2023.11.22"]
[SourceVersion "1"]
[SourceVersionDate "2023.11.22"]
[SourceQuality "1"]

1. d4 d5 2. c4 e6 3. Nf3 Nf6 4. Bg5 Nbd7 5. e3 Be7 6. Nc3 h6 7. Bh4 0-0 8. cxd5 Nxd5 9. Bxe7 Nxe7 10. Bd3 c5 11. 0-0 b6 12. Qe2 Bb7 13. Rfd1 Bxf3 14. Qxf3 cxd4 15. exd4 Nf6 16. Ba6 Qd7 17. Rac1 Rad8 18. Nb5 Ned5 19. a3 Nh7 20. Qg3 Qe7 21. h3 Ng5 22. Rc2 Qf6 23. Nd6 Nf4 24. Nb5 Rd5 25. Qe3 Qg6 26. Rc7 Ngxh3+ 27. Kf1 Qxg2+ 28. Ke1 Rf5 29. Nd6 Nd5 30. Qe2 Rf4 31. Rc3 Nxf2 32. Rcd3 Nxd3+ 33. Qxd3 Qf2# 0-1

[Event "Titled Tuesday intern op 24th Oct Late"]
[Site "Chess.com INT"]
[Date "2023.10.24"]
[Round "4"]
[White "Aghasiyev, Kamal"]
[Black "Batsuren, Dambasuren"]
[Result "0-1"]
[WhiteElo "2441"]
[BlackElo "2524"]
[PlyCount "70"]
[EventDate "2023.10.24"]
[EventType "swiss (blitz)"]
[EventRounds "11"]
[EventCountry "USA"]
[SourceTitle "Mega2024 Update 01"]
[Source "Chessbase"]
[SourceDate "2023.11.12"]
[SourceVersion "1"]
[SourceVersionDate "2023.11.12"]
[SourceQuality "1"]

1. d4 Nf6 2. c4 e6 3. Nf3 a6 4. g3 b5 5. Bg2 Bb7 6. Nbd2 Be7 7. 0-0 bxc4 8. Nxc4 0-0 9. Bf4 a5 10. Rc1 d6 11. Qb3 Bd5 12. Qd3 Nc6 13. a3 a4 14. Ncd2 Na5 15. Rc3 Bb7 16. Qc2 Nd5 17. Qxa4 Nxc3 18. bxc3 Bc6 19. Qc2 Qd7 20. c4 Rfb8 21. Qc3 Bf6 22. e4 Ba4 23. e5 Be7 24. Ng5 h6 25. Nge4 Nb3 26. exd6 cxd6 27. Qe3 Nxd2 28. Nxd2 Bc6 29. d5 exd5 30. cxd5 Bb7 31. Re1 Bf8 32. Ne4 Re8 33. Bxh6 f5 34. Bh3 Bxd5 35. f3 Qf7 0-1

[Event "Titled Tuesday intern op 24th Oct Late"]
[Site "Chess.com INT"]
[Date "2023.10.24"]
[Round "1"]
[White "Cooper, Aaron"]
[Black "Aghasiyev, Kamal"]
[Result "0-1"]
[WhiteElo "1904"]
[BlackElo "2441"]
[PlyCount "100"]
[EventDate "2023.10.24"]
[EventType "swiss (blitz)"]
[EventRounds "11"]
[EventCountry "USA"]
[SourceTitle "Mega2024 Update 01"]
[Source "Chessbase"]
[SourceDate "2023.11.12"]
[SourceVersion "1"]
[SourceVersionDate "2023.11.12"]
[SourceQuality "1"]

1. e4 e5 2. f4 d5 3. exd5 exf4 4. Nf3 Nf6 5. Bc4 Nxd5 6. 0-0 Be7 7. d4 Be6 8. Bxd5 Bxd5 9. Bxf4 0-0 10. Nc3 c6 11. Qd3 Bf6 12. Rad1 Na6 13. a3 Re8 14. Ne5 Nc7 15. Rfe1 Ne6 16. Bg3 Qb6 17. Nxd5 cxd5 18. b3 Rac8 19. c4 dxc4 20. bxc4 Red8 21. Bf2 Qa6 22. d5 Bxe5 23. Rxe5 Qxc4 24. Qxc4 Rxc4 25. Bxa7 Nc5 26. d6 Ne6 27. Rb5 Rd7 28. Bb8 Rc8 29. Ba7 g6 30. h3 Rc6 31. Rbd5 Ra6 32. Bb8 Rxa3 33. Rb1 Ra2 34. Rc1 Kg7 35. Bc7 Nf4 36. Rd4 Ne2+ 37. Kh1 Nxd4 38. Rb1 Ne6 39. Rxb7 Rc2 40. Rb8 Nxc7 41. dxc7 Rcxc7 42. Rb2 Rd1+ 43. Kh2 h5 44. h4 Rc4 45. g3 Rdd4 46. Rf2 Rc5 47. Kg2 Rcd5 48. Kf3 Rf5+ 49. Kg2 Rxf2+ 50. Kxf2 Rg4 0-1